000
00302nam a2200133Ia 4500
008
150301s2015 xx 000 0 und d
082
_a
615.34
_b
P12S
100
_a
V.D SHARMA
245
_a
PHARMACOGNOSY (P N)
260
_b
CBS- DELHI
300
_a
180
650
_a
PHARMACOGNOSY
942
_2
ddc
_c
BK
_0
1
999
_c
7188
_d
7188